La magia del conocimiento: reflexiones heréticas

Este libro aborda el problema filosófico mente-mundo, bajo el marco del enfrentamiento entre algunos de los dualismos científicos contemporáneos. Por ejemplo, el dualismo criticado por Einstein y L. Infeld entre campo y materia. De esta manera, se desarrollan una serie de temas interrelacionados ent...

Полное описание

Сохранить в:
Библиографические подробности
Главный автор: Araya, Fernando
Формат:
Язык:Undetermined
Опубликовано: Heredia, Costa Rica EFUNA 1996
Предметы:
Метки: Добавить метку
Нет меток, Требуется 1-ая метка записи!

MARC

LEADER 00000nam a2200000Ia 4500
008 170316s9999 xx 000 0 und d
040 |a cru BVZT 
090 |a 100 A-32.1m 
100 |a Araya, Fernando  |9 925 
245 |a La magia del conocimiento: reflexiones heréticas 
260 |a Heredia, Costa Rica  |b EFUNA  |c 1996 
300 |a 159 páginas 
520 |a Este libro aborda el problema filosófico mente-mundo, bajo el marco del enfrentamiento entre algunos de los dualismos científicos contemporáneos. Por ejemplo, el dualismo criticado por Einstein y L. Infeld entre campo y materia. De esta manera, se desarrollan una serie de temas interrelacionados entre sí como las imágenes del mundo, el giro copernicano, las fronteras de la ciencia, la relación cerebro-conciencia.  
650 |a FILOSOFÍA  |9 5 
999 |c 15523  |d 15523 
942 |c 15 D  |h 100 A-32.1m  |2 z